logo

Bir Sreshtho Munshi Abdur Rouf Library
Jhenaidah Cadet College

Children's illustrated history atlas / (Record no. 12961)

MARC details
000 -LEADER
fixed length control field 00615nam a2200229 a 4500
001 - CONTROL NUMBER
JCCL Control Number 12961
003 - CONTROL NUMBER IDENTIFIER
JCCL marc code BD-JhCC
005 - DATE AND TIME OF LATEST TRANSACTION
control field 20230606122033.0
008 - FIXED-LENGTH DATA ELEMENTS--GENERAL INFORMATION
fixed length control field 230606s2018 uk a|||| |||| 000 0 b d
020 ## - INTERNATIONAL STANDARD BOOK NUMBER
International Standard Book Number 9780241319901
035 ## - SYSTEM CONTROL NUMBER
system control number (BD-JhCC)12961
040 ## - CATALOGING SOURCE
Original cataloging agency BD-JhCC
Modifying agency BD-JhCC
041 ## - LANGUAGE CODE
Language code of Book eng
082 ## - DEWEY DECIMAL CLASSIFICATION NUMBER
Classification number 912.12
Author mark and Year CHI 2018
245 ## - TITLE STATEMENT
Title Children's illustrated history atlas /
Statement of responsibility, etc Simon Adams ...[et.al]
260 ## - PUBLICATION, DISTRIBUTION, ETC. (IMPRINT)
Place of publication, distribution, etc UK :
Name of publisher, distributor, etc Dorling Kindersley Limited
Date of publication, distribution, etc 2018
300 ## - PHYSICAL DESCRIPTION
Pagination 96 p. :
Other physical details color page;
Dimensions 25 cm.
650 ## - SUBJECT ADDED ENTRY--TOPICAL TERM
Topical term or geographic name as entry element Atlases
650 ## - SUBJECT ADDED ENTRY--TOPICAL TERM
Topical term or geographic name as entry element Children's atlases
700 ## - ADDED ENTRY--PERSONAL NAME
Personal name Adams, Simon
942 ## - ADDED ENTRY ELEMENTS (KOHA)
Source of classification or shelving scheme Dewey Decimal Classification
Koha item type Reference
Holdings
Source of classification or shelving scheme Damaged status Not for loan Home library Current library Shelving location Date of accession Cost, normal purchase price Total Checkouts Full call number Barcode Date last seen Copy number Method of acquisition Koha item type Currency
Dewey Decimal Classification     JCC Rouf Library JCC Rouf Library General Stacks 06/06/2023 1100.00   912.12 CHI 2018 18128 06/06/2023 C-1 Purchase Reference BDT

JCC Library | Contacts | JCC Home

Last Update on 23 September 2017
Copyright @ 2017-2020 JCC Rouf Library
Rouf Library, Jhenidah Cadet College (JCC), Bangladesh